000 01111nam a22002297a 4500
003 OSt
005 20250217231917.0
008 250217b |||||||| |||| 00| 0 eng d
020 _a9789584825612
040 _aCO-UDECOLOMBIA
_cCO-UDECOLOMBIA
_dCO-UDECOLOMBIA
082 0 4 _a657.61
_bC749
110 2 _aXXVII Congreso Nacional de Estudiantes de Contaduría Pública
_92839
245 1 0 _aTejidos Contables :
_bMemorias /
_cXXVII Congreso Nacional de Estudiantes de Contaduría Pública, VII Congreso Latinoamericano de Estudiantes de la Disciplina Contable.
260 3 _aMedellín :
_bFenecop,
_bGecua,
_c2017.
300 _a333 p. ;
_c24 cm.
505 0 _aPensamiento hegemónico y su relación con lo contable -- Cultura y educación contable -- Realidades Latinoamericanas y la Contabilidad -- El papel de la Contabilidad en las Organizaciones
650 0 4 _aContaduría Pública
_zColombia
_9294
650 0 4 _aContaduría
_zColombia
_92842
650 0 4 _aEducación contable
_92841
710 2 _aVII Congreso Latinoamericano de Estudiantes de la Disciplina Contable
_92840
942 _2ddc
_cBK
_h657.61 C749
_n0
999 _c1959
_d1959